00362nam a22001337a 4500008004100000020001500041082001500056100002000071245006100091260004000152300000900192942001200201999001500213230619b xxu||||| |||| 00| 0 eng d a0671645935 a305.8bSTE cRichard Stengel aJanuary SunbOne Day . Three Lives .A South African Town aNew YorkbSiomon and Schusterc1990 a202p 2ddccBK c1431d1431